Cemetery dance / (Record no. 3305)

MARC details
000 -LEADER
fixed length control field 01635cam a2200421 a 4500
001 - CONTROL NUMBER
control field 3305
003 - CONTROL NUMBER IDENTIFIER
control field FISKH
005 - DATE AND TIME OF LATEST TRANSACTION
control field 20240228153804.0
008 - FIXED-LENGTH DATA ELEMENTS--GENERAL INFORMATION
fixed length control field 081105s2009 nyu 000 1 eng
010 ## - LIBRARY OF CONGRESS CONTROL NUMBER
LC control number 2008048143
020 ## - INTERNATIONAL STANDARD BOOK NUMBER
International Standard Book Number 9780446580298 (regular ed.)
020 ## - INTERNATIONAL STANDARD BOOK NUMBER
International Standard Book Number 0446580295 (regular ed.)
020 ## - INTERNATIONAL STANDARD BOOK NUMBER
International Standard Book Number 9780446618694
020 ## - INTERNATIONAL STANDARD BOOK NUMBER
International Standard Book Number 9780446519298 (large print ed.)
020 ## - INTERNATIONAL STANDARD BOOK NUMBER
International Standard Book Number 0446519294 (large print ed.)
035 ## - SYSTEM CONTROL NUMBER
System control number (OCoLC)ocn181603302
040 ## - CATALOGING SOURCE
Original cataloging agency DLC
Transcribing agency DLC
Modifying agency BTCTA
-- BAKER
-- YDXCP
-- UPZ
-- SLV
-- IG#
-- YDX
-- CDX
-- C#P
-- CQU
-- DLC
Language of cataloging eng
043 ## - GEOGRAPHIC AREA CODE
Geographic area code n-us-ny
050 00 - LIBRARY OF CONGRESS CALL NUMBER
Classification number PS3566.R3982
Item number C46 2009
082 00 - DEWEY DECIMAL CLASSIFICATION NUMBER
Classification number 813/.54
Edition number 22
100 1# - MAIN ENTRY--PERSONAL NAME
Personal name Preston, Douglas J.
245 10 - TITLE STATEMENT
Title Cemetery dance /
Statement of responsibility, etc. Douglas Preston
250 ## - EDITION STATEMENT
Edition statement This edition 2010
260 ## - PUBLICATION, DISTRIBUTION, ETC.
Place of publication, distribution, etc. New York :
Name of publisher, distributor, etc. Hachette Book,
Date of publication, distribution, etc. 2009.
300 ## - PHYSICAL DESCRIPTION
Extent 577 pages :
Dimensions 18 cm
520 ## - SUMMARY, ETC.
Summary, etc. After New York Times reporter William Smithback and his wife Nora Kelly, a Museum of Natural History archaeologist, are brutally attacked in their apartment on Manhattan's Upper West Side, Pendergast--the world's most enigmatic FBI Special Agent--returns to New York City to investigate a murderous Obeah cult.
600 10 - SUBJECT ADDED ENTRY--PERSONAL NAME
Personal name Pendergast, Aloysius
Titles and other words associated with a name (Fictitious character)
Form subdivision Fiction.
650 #0 - SUBJECT ADDED ENTRY--TOPICAL TERM
Topical term or geographic name entry element Obeah (Cult)
Form subdivision Fiction.
650 #0 - SUBJECT ADDED ENTRY--TOPICAL TERM
Topical term or geographic name entry element Murder
General subdivision Investigation
Form subdivision Fiction.
650 #0 - SUBJECT ADDED ENTRY--TOPICAL TERM
Topical term or geographic name entry element Government investigators
Form subdivision Fiction.
651 #0 - SUBJECT ADDED ENTRY--GEOGRAPHIC NAME
Geographic name New York (N.Y.)
Form subdivision Fiction.
655 #0 - INDEX TERM--GENRE/FORM
Genre/form data or focus term Psychological fiction.
655 #7 - INDEX TERM--GENRE/FORM
Genre/form data or focus term Suspense fiction.
Source of term gsafd
655 #7 - INDEX TERM--GENRE/FORM
Genre/form data or focus term Occult fiction.
Source of term gsafd
906 ## - LOCAL DATA ELEMENT F, LDF (RLIN)
a 7
b cbc
c orignew
d 1
e ecip
f 20
g y-gencatlg
942 ## - ADDED ENTRY ELEMENTS (KOHA)
Source of classification or shelving scheme Dewey Decimal Classification
Koha item type Books
Suppress in OPAC No
Holdings
Withdrawn status Lost status Source of classification or shelving scheme Damaged status Not for loan Collection Home library Current library Shelving location Date acquired Total Checkouts Full call number Barcode Date last seen Price effective from Koha item type
    Dewey Decimal Classification     Fiction Footprints International School Library Network Toul Kork Campus Footprints International School Library Network Toul Kork Campus   02/26/2024   CHI Fic PS3566.R3982 FISSE03190 02/26/2024 02/26/2024 Books